| 000 | 00490nam a2200181Ia 4500 | ||
|---|---|---|---|
| 005 | 20250923144437.0 | ||
| 008 | 008 250917s9999 xx 000 0 eng d | ||
| 037 | _aTextual | ||
| 040 |
_aDSWL _beng _cDSWL |
||
| 041 |
_aeng _2eng |
||
| 084 |
_aQ:25z, H4 _qDSWL |
||
| 100 |
_aPage, K _9824963 |
||
| 245 | 0 |
_aLiving abundantly _cby K Page |
|
| 260 |
_aNew York _bReinehart _c1944 |
||
| 300 | _a513 p. | ||
| 942 |
_cTEXL _hQ:25z, H4 |
||
| 999 |
_c1438959 _d1438959 |
||